000
00443nam a2200169Ia 4500
008
090711s9999 xx 000 0 und d
082
_b
14497
100
_a
काळे श्रीपाद
245
_a
अभोगी
260
_c
1964
300
_a
118
600
_a
काळे श्रीपाद
630
_a
अभोगी
700
_a
काळे श्रीपाद
730
_a
अभोगी
942
_c
BOOK
999
_c
295555
_d
295555